[Event "Pula CC-ch"]
[Site "Pula"]
[Date "2014.02.14"]
[Round "9"]
[White "Terlevic, Mladen"]
[Black "Fercec, Nenad"]
[Result "0-1"]
[WhiteElo "1841"]
[BlackElo "2473"]
[PlyCount "44"]
[EventDate "2014.01.17"]
[EventType "swiss"]
[EventRounds "9"]
[EventCountry "CRO"]
[SourceTitle "EXT 2016"]
[Source "ChessBase"]
[SourceDate "2015.10.08"]
[SourceVersion "1"]
[SourceVersionDate "2015.10.08"]
[SourceQuality "1"]

1. d4 c5 2. d5 e5 3. e4 d6 4. Bb5+ Nd7 5. c4 a6 6. Qa4 Rb8 7. Bxd7+ Bxd7 8. Qc2 f5 9. Nc3 Nf6 10. b3 b5 11. Bg5 h6 12. Bxf6 Qxf6 13. Rb1 Be7 14. f3 0-0 15. exf5 Bxf5 16. Ne4 Qh4+ 17. g3 Bxe4 18. fxe4 Qf6 19. Nh3 Qf3 20. Rg1 bxc4 21. Qxc4 Rb4 22. Qxa6 Qxe4+ 0-1

[Event "Pula Uljanik CC-ch"]
[Site "Pula"]
[Date "2013.02.28"]
[Round "5"]
[White "Terlevic, Mladen"]
[Black "Nikolic, Miroslav"]
[Result "1-0"]
[WhiteElo "1852"]
[BlackElo "1674"]
[PlyCount "57"]
[EventDate "2013.01.17"]
[EventType "swiss"]
[EventRounds "9"]
[EventCountry "CRO"]
[SourceTitle "EXT 2014"]
[Source "ChessBase"]
[SourceDate "2013.11.20"]
[SourceVersion "1"]
[SourceVersionDate "2013.11.20"]
[SourceQuality "1"]

1. d4 d5 2. c4 dxc4 3. e3 e6 4. Bxc4 Nf6 5. Qc2 Be7 6. Nf3 0-0 7. Nc3 Bb4 8. 0-0 Bxc3 9. bxc3 Nc6 10. e4 b6 11. Bd3 h6 12. Rd1 Bb7 13. Ba3 Re8 14. e5 Nd5 15. Be4 Kh8 16. Rab1 f5 17. exf6 Nxf6 18. Bg6 Rg8 19. Qd3 Ne7 20. Ne5 Rf8 21. Bf7 Be4 22. Qe2 Bxb1 23. Rxb1 Nfd5 24. c4 Nc3 25. Qd3 Nxb1 26. Bxe6 Qb8 27. Ng6+ Kh7 28. Nxf8+ Kh8 29. Qh7# 1-0

[Event "Rabac op"]
[Site "Rabac"]
[Date "2003.11.15"]
[Round "1.15"]
[White "Terlevic, Mladen"]
[Black "Ascic, Pero"]
[Result "0-1"]
[WhiteElo "2019"]
[BlackElo "2354"]
[PlyCount "50"]
[EventDate "2003.11.15"]
[EventType "swiss"]
[EventRounds "9"]
[EventCountry "CRO"]
[SourceTitle "CBM 097 Extra"]
[Source "ChessBase"]
[SourceDate "2004.01.13"]
[SourceVersion "1"]
[SourceVersionDate "2004.01.13"]
[SourceQuality "1"]

1. c4 e5 2. Nc3 Nc6 3. Nf3 Nf6 4. d3 d5 5. Bg5 d4 6. Nd5 Be6 7. Nxf6+ gxf6 8. Bh4 Be7 9. Nd2 Nb8 10. g3 Nd7 11. Qa4 c6 12. Bg2 a5 13. a3 Nf8 14. 0-0 Ng6 15. Nf3 Rg8 16. h3 h5 17. Kh2 Qd6 18. Rac1 Nxh4 19. Nxh4 f5 20. c5 Qc7 21. e4 fxe4 22. dxe4 Bxh4 23. gxh4 Qe7 24. f4 Qxh4 25. f5 Qg3+ 0-1